Normal view
MARC view
- Jammu and Kashmir (Indian-Occupied) -- Politics and Government -- 1947--
Entry Topical Term
001 - CONTROL NUMBER
- control field: 46328
003 - CONTROL NUMBER IDENTIFIER
- control field: NUST
005 - DATE AND TIME OF LATEST TRANSACTION
- control field: 20210314133509.0
008 - FIXED-LENGTH DATA ELEMENTS
- fixed length control field: 210314|| aca||aabn | a|a d
040 ## - CATALOGING SOURCE
- Original cataloging agency: NUST
- Transcribing agency: NUST
150 ## - HEADING--TOPICAL TERM
- Topical term or geographic name entry element: Jammu and Kashmir (Indian-Occupied) -- Politics and Government -- 1947--
670 ## - SOURCE DATA FOUND
- Source citation: Work cat.: (NUST): Ijaz Hussain. 46327, Kashmir Dispute:, 1998.
